00396nam a2200121Ia 4500082001200000100001900012245011100031260002800142300002100170650003500191650003400226710001400260 aTS.0160 aSakhare, Seema 0aSample survey of women's opinion and behaviour relating to family life as correlates of educational status c1974bNagpur University a458p. + C D - 58 aWOMEN - MAHARASHTRA - VIDARBHA aWOMEN - SOCIO-ECONOMIC STATUS aVarma, M.